000 00475nam a2200205Ia 4500
008 240510s9999 xx 000 0 und d
020 _a0000131484044
041 _aEng
082 _a004.21
082 _bH18
100 _aHAWRYSZKIEWYCZ I.T
245 0 _aINTRODUCTION TO SYSTEMS ANALYSIS AND DESIGN
250 _a3rd ed.
260 _bPRENTICE HALL
260 _c0
300 _a490 p.
650 _aSYSTEM ANALYSIS AND DESIGN
942 _2ddc
942 _cLBK
999 _c28015
_d28015
945 _a1
_bMadushi Gamage
_c1
_dMadushi Gamage